000
00328nam a2200133Ia 4500
100
_a
Bhattacharyya/S.K/ Dearden/John
942
_c
BK
654
_a
Accounting For Management
245
_a
Accounting for management
260
_b
Vani Educational Book
_a
New Delhi
_c
1985
082
_a
658.1
300
_a
696
546
_a
ENGLISH
999
_c
29371
_d
29371